Zhodnotenie trhu štátnych dlhopisov

MF SR v roku 1993 emitovalo 3 emisie štátnych dlhopisov. Prostriedky získané z emisií boli určené na finančné krytie rozostavaných vodných nádrží a komplexnej bytovej výstavby. Primárny trh - zúčastniť sa mohli iba banky, poisťovne a právnické osoby. Sekundárny trh poznamenaný nefungovaním BCPB (Bur...

Descrizione completa

Salvato in:
Dettagli Bibliografici
Autore principale: Mlynka, T.
Natura: Capitolo di libro
Lingua:slovacco
Soggetti:
Tags: Aggiungi Tag
Nessun Tag, puoi essere il primo ad aggiungerne!!

MARC

LEADER 00000naa a2200000 4500
001 r015406
005 20221205085913.2
041 0 |a slo 
044 |a SK 
245 1 0 |a Zhodnotenie trhu štátnych dlhopisov  |c T. Mlynka 
520 |a MF SR v roku 1993 emitovalo 3 emisie štátnych dlhopisov. Prostriedky získané z emisií boli určené na finančné krytie rozostavaných vodných nádrží a komplexnej bytovej výstavby. Primárny trh - zúčastniť sa mohli iba banky, poisťovne a právnické osoby. Sekundárny trh poznamenaný nefungovaním BCPB (Burza cenných papierov Bratislava) a SCP (Stredisko cenných papierov). Národná banka Slovenska v spolupráci s MF SR pripravuje niekoľko nových foriem uvádzania štátnych dlhopisov na primárny trh. Štátne dlhopisy - kapitálový trh SR. 
610 2 0 |a dlhopisy 
610 2 0 |a emisia 
610 2 0 |a trh kapitálový 
610 2 0 |a BCP Bratislava 
610 2 0 |a SCP SR Bratislava 
610 2 0 |a Slovensko 
610 2 0 |a 1993 
610 2 0 |a NBS Bratislava 
610 2 0 |a MF SR Bratislava 
100 1 |a Mlynka, T.